| 000 | 01070cam a22003257a 4500 | ||
|---|---|---|---|
| 003 | CHAP | ||
| 005 | 20220329142249.0 | ||
| 008 | 000407d1997 us a r 00110 eng d | ||
| 010 | _a80758 | ||
| 011 | _a81730 | ||
| 020 | _a0851991181 | ||
| 035 | _a92207 | ||
| 040 | _cCHAP | ||
| 082 | 0 | 4 |
_a636.4 _bG65 |
| 100 | 0 | 0 |
_aGordon, Ian. _950018 |
| 245 | 1 | 0 |
_aControlled reproduction in pigs _c/by Ian Gordon |
| 260 |
_aNew York : _bCAB International, _c1997. |
||
| 300 |
_a247 p. : _bilus. ; gráfs. |
||
| 490 | 0 |
_aControlled reproduction in farm animals series _v; 3 |
|
| 590 |
_aBATCH-UPD _b10 _c20130110 _lUCH01 _h0835 |
||
| 590 |
_aBATCH-UPD _b10 _c20130410 _lUCH01 _h0513 |
||
| 590 |
_aBATCH-UPD _b10 _c20130914 _lUCH01 _h1523 |
||
| 590 |
_aCONVERSION _b10 _c20130109 _lUCH01 _h1345 |
||
| 650 | 1 | 4 |
_aGanado porcino _xReproducción. _945403 |
| 830 | 0 | 0 |
_aControlled reproduction in farm animals series _v; 3 _927608 |
| 901 | _aBK | ||
| 905 | _aGuadalupe Pinto C. | ||
| 942 | _cLIBRO | ||
| 949 |
_a636.4 G65 _bBC _cLIBRO _d33724000757381 _eLIBRO _fv.3 _gI. 203344 _h97705 _i92207 _si |
||
| 999 |
_c80758 _d80758 |
||